Australia Review of Commercial Conditions, June 1945

Guardado en:
Detalles Bibliográficos
Formato: Libro
Lenguaje:inglés
Publicado: London Department of Overseas Trade by his Majestys Stationery Office 1945
Etiquetas: Agregar Etiqueta
Sin Etiquetas, Sea el primero en etiquetar este registro!

MARC

LEADER 00000nam a2200000 4500
001 0268126
005 20240822101711.2
041 0 |a eng 
044 |a GB 
245 1 0 |a Australia Review of Commercial Conditions, June 1945 
264 1 |a London  |b Department of Overseas Trade by his Majestys Stationery Office  |c 1945